000 00803nam a2200229Ii 4500
003 JO-AjNU
008 230605s9999||||xx |||||||||||||| ||und||
017 _a2013/5/1406
020 _a978-9957-83-286-5
040 _aJO-AjNU
_bara
_erda
_cJO-AjNU
041 _aara
050 1 4 _aTX911.3.M27.M33 2014
100 3 _aابو رحمة، مروان، م مشارك حمزة العلوان، م مشارك حمزه درادكة ,
_eauthor
_951149
245 0 0 _aمبادئ ادارة الفنادق
250 _aط1
264 3 1 _aعمان:مكتبة المجتمع العربي ، 2014
300 _a244ص
336 _atext
_btxt
_2rdacontent
337 _aunmediated
_bn
_2rdamedia
338 _avolume
_bnc
_2rdacarrier
650 4 _aادارة الاعمال-الموارد البشريه
_951150
999 _aA22575
_c26143
_d26143